Scales of Resistance : Indigenous Women's Transborder Activism.

Maylei Blackwell tells the story of how Indigenous women's activism in Mexico and California moves in and between local, national, continental, and transborder scales.

Bibliographic Details
Main Author: Blackwell, Maylei.
Format: eBook
Language:English
Published: Durham : Duke University Press, 2023.
Edition:1st ed.
Subjects:
Online Access:Click to View
LEADER 01650nam a22003853i 4500
001 EBC30358364
003 MiAaPQ
005 20231204023229.0
006 m o d |
007 cr cnu||||||||
008 231204s2023 xx o ||||0 eng d
020 |a 9781478092742  |q (electronic bk.) 
020 |z 9781478017967 
035 |a (MiAaPQ)EBC30358364 
035 |a (Au-PeEL)EBL30358364 
035 |a (OCoLC)1376933552 
040 |a MiAaPQ  |b eng  |e rda  |e pn  |c MiAaPQ  |d MiAaPQ 
050 4 |a E184 
082 0 |a 305.4886872073 
100 1 |a Blackwell, Maylei. 
245 1 0 |a Scales of Resistance :  |b Indigenous Women's Transborder Activism. 
250 |a 1st ed. 
264 1 |a Durham :  |b Duke University Press,  |c 2023. 
264 4 |c Ã2022. 
300 |a 1 online resource (387 pages) 
336 |a text  |b txt  |2 rdacontent 
337 |a computer  |b c  |2 rdamedia 
338 |a online resource  |b cr  |2 rdacarrier 
520 |a Maylei Blackwell tells the story of how Indigenous women's activism in Mexico and California moves in and between local, national, continental, and transborder scales. 
588 |a Description based on publisher supplied metadata and other sources. 
590 |a Electronic reproduction. Ann Arbor, Michigan : ProQuest Ebook Central, 2023. Available via World Wide Web. Access may be limited to ProQuest Ebook Central affiliated libraries.  
655 4 |a Electronic books. 
776 0 8 |i Print version:  |a Blackwell, Maylei  |t Scales of Resistance  |d Durham : Duke University Press,c2023  |z 9781478017967 
797 2 |a ProQuest (Firm) 
856 4 0 |u https://ebookcentral.proquest.com/lib/matrademy/detail.action?docID=30358364  |z Click to View